|
|
|
|
| LEADER |
00938nab#a2200325#ar4500 |
| 001 |
000000134 |
| 003 |
SVKKK |
| 005 |
00000000000000.0 |
| 008 |
c xo e czeo |
| FMT |
|
|
|
| 038 |
|
|
|a SVKKK
|
| 040 |
|
|
|a SVKKK
|b slo
|e AACR2
|
| 041 |
1 |
|
|a cze
|h ENG
|
| 044 |
|
|
|a xo
|c SK
|
| 080 |
|
|
|a 552.31
|2 1981
|
| 100 |
1 |
|
|a Fediuk, Ferry
|4 aut
|
| 242 |
1 |
0 |
|a A. J. Crawford (zost.) - Boninity
|
| 245 |
1 |
0 |
|a A. J. Crawford (ed) - Boninites
|c Fediuk Ferry,
|
| 650 |
0 |
4 |
|a boninity
|x charakteristika mineralogická a chemická
|x recenzie
|
| 650 |
0 |
4 |
|a geológia
|
| 650 |
0 |
4 |
|a petrológia
|
| 650 |
0 |
4 |
|a vulkanity horečnaté
|
| 773 |
0 |
|
|t Journal of Czech Geological Society
|x 0008-7378
|g Roč. 38, č. 1-2(1993), s. 29
|
| 787 |
0 |
8 |
|i Recenze na:
|a Crawford, A. J.
|t Boninites
|d London : Unwin Hyman, 1989
|x 0008-7378
|
| 958 |
|
|
|a NP
|
| 974 |
|
|
|d 940504
|a 245/101
|
| 992 |
|
|
|a RBX
|
| BAS |
|
|
|
| 852 |
|
|
|a SVKKK
|b BIB
|
| 998 |
|
|
|a GEO
|